Анализ эксплуатационной надежности силовых трансформаторов; Электроэнергетика глазами молодежи; Т. 2
| Parent link: | Электроэнергетика глазами молодежи: сборник докладов V международной молодежной научно-технической конференции, г. Томск, 10-14 ноября 2014 г./ Национальный исследовательский Томский политехнический университет (ТПУ) ; ред. кол. Р. А. Вайнштейн и [др.].— , 2014 Т. 2.— 2014.— [С. 282-285] |
|---|---|
| מחבר ראשי: | |
| מחבר תאגידי: | |
| מחברים אחרים: | |
| סיכום: | Заглавие с титульного экрана |
| שפה: | רוסית |
| יצא לאור: |
2014
|
| סדרה: | Эксплуатация, рынок и инновационное развитие электроэнергетических систем |
| נושאים: | |
| גישה מקוונת: | http://earchive.tpu.ru/handle/11683/69879 http://www.lib.tpu.ru/fulltext/c/2014/C86/V2/048.pdf |
| פורמט: | אלקטרוני Book Chapter |
| KOHA link: | https://koha.lib.tpu.ru/cgi-bin/koha/opac-detail.pl?biblionumber=609730 |
MARC
| LEADER | 00000naa2a2200000 4500 | ||
|---|---|---|---|
| 001 | 609730 | ||
| 005 | 20260325154919.0 | ||
| 035 | |a (RuTPU)RU\TPU\conf\7258 | ||
| 090 | |a 609730 | ||
| 100 | |a 20141202d2014 k y0rusy50 ca | ||
| 101 | 0 | |a rus | |
| 102 | |a RU | ||
| 135 | |a drgn ---uucaa | ||
| 181 | 0 | |a i | |
| 182 | 0 | |a b | |
| 200 | 1 | |a Анализ эксплуатационной надежности силовых трансформаторов |f Д. С. Кунулеков |g науч. рук. О. П. Муравлев | |
| 203 | |a Текст |c электронный | ||
| 225 | 1 | |a Эксплуатация, рынок и инновационное развитие электроэнергетических систем | |
| 300 | |a Заглавие с титульного экрана | ||
| 320 | |a [Библиогр.: 285 (3 назв.)] | ||
| 337 | |a Adobe Reader | ||
| 461 | 1 | |0 (RuTPU)RU\TPU\conf\7165 |t Электроэнергетика глазами молодежи |o сборник докладов V международной молодежной научно-технической конференции, г. Томск, 10-14 ноября 2014 г. |o в 2 т. |f Национальный исследовательский Томский политехнический университет (ТПУ) ; ред. кол. Р. А. Вайнштейн и [др.] |d 2014 | |
| 463 | 0 | |0 (RuTPU)RU\TPU\conf\7172 |t Т. 2 |v [С. 282-285] |d 2014 | |
| 610 | 1 | |a труды учёных ТПУ | |
| 610 | 1 | |a электронный ресурс | |
| 610 | 1 | |a эксплуатационная надежность | |
| 610 | 1 | |a силовые трансформаторы | |
| 610 | 1 | |a трансформаторы | |
| 610 | 1 | |a силовые сети | |
| 610 | 1 | |a силовые системы | |
| 610 | 1 | |a повреждения | |
| 700 | 1 | |a Кунулеков |b Д. С. | |
| 702 | 1 | |a Муравлев |b О. П. |c специалист в области электротехники |c профессор Томского политехнического университета, доктор технических наук |f 1937- |g Олег Павлович |4 727 | |
| 712 | 0 | 2 | |a Национальный исследовательский Томский политехнический университет (ТПУ) |b Энергетический институт (ЭНИН) |b Кафедра электротехнических комплексов и материалов (ЭКМ) |3 (RuTPU)RU\TPU\col\20031 |
| 801 | 2 | |a RU |b 63413507 |c 20141124 |g RCR | |
| 801 | 2 | |a RU |b 63413507 |c 20220228 |g RCR | |
| 856 | 4 | |u http://earchive.tpu.ru/handle/11683/69879 | |
| 856 | 4 | |u http://www.lib.tpu.ru/fulltext/c/2014/C86/V2/048.pdf | |
| 942 | |c BK | ||